| 000 | 00561nam a2200169 i 4500 | ||
|---|---|---|---|
| 001 | 92261 | ||
| 003 | ES-MaACL | ||
| 005 | 20230906180929.0 | ||
| 007 | t| | ||
| 008 | 050224s1971 sp ||||1| spa d | ||
| 245 | 0 | 3 |
_aEl libro de las vacaciones o El libro de auténtica distensión... / _cdispuesto todo ello por Guido Pierbari; traducido del italiano por Don Eloy Requena. |
| 260 |
_aMadrid : _bStudium, _c[1971] |
||
| 300 |
_a143 p. : _bil. ; _c19 cm. |
||
| 700 | 1 |
_aPierbari, Guido. _991931 |
|
| 700 | 1 |
_aRequena, Eloy. _996289 |
|
| 852 |
_aES-MaACL _jC-41596 |
||
| 999 |
_c92261 _d92261 |
||